000 nam a22 7a 4500
999 _c9760
_d9760
008 180207b ||||| |||| 00| 0 eng d
100 _aSharma,S.K.etal.
_95862
245 _aNew Millenaium Physics-XII
260 _aNew Delhi
_bS. Dinesh
_c2013